Hankelove matice

Gespeichert in:
Bibliographische Detailangaben
1. Verfasser: Dúbravcová, Ľubica (Verfasst von)
Weitere Verfasser: Čerňanová, Viera (Betreuung Doktorarbeit)
Format: Manuskript Buch
Sprache:Slowakisch
Veröffentlicht: 2019
Schlagworte:
Online-Zugang:http://is.stuba.sk/zp/portal_zp.pl?podrobnosti=123665
Tags: Tag hinzufügen
Keine Tags, Fügen Sie das erste Tag hinzu!

MARC

LEADER 00000ntm a22000003a 4500
001 stuzp66391
003 SK-STU
005 20190902081756.1
007 ta
008 150427s2015----xo-----f-mn---000-0-slo-d
040 |a STU  |b slo 
041 0 |a slo 
044 |a xo 
100 1 |a Dúbravcová, Ľubica  |u 035000  |4 aut  |U FEI Fakulta elektrotechniky a informatiky  |T FEI Ústav informatiky a matematiky  |X 80303  |U E050  |Y 816  |7 80303 
242 0 1 |a Hankel matrices  |y eng 
245 1 0 |a Hankelove matice 
260 |c 2019 
300 |a 31 s., príl.,  |b CD-ROM 
650 4 |a Hankelova matica  |2 slo 
650 4 |a Toeplitzova matica  |2 slo 
650 4 |a aditívna grupa matíc  |2 slo 
650 4 |a kvázigrupy  |2 slo 
650 4 |a latinské štvorce  |2 slo 
650 4 |a rozklad matice na súcin  |2 slo 
650 4 |a Schurov rozklad  |2 slo 
650 4 |a Latin squares  |2 eng 
650 4 |a matrix decomposition  |2 eng 
650 4 |a Schur decomposition  |2 eng 
650 4 |a Hankel matrix  |2 eng 
650 4 |a Toeplitz matrix  |2 eng 
650 4 |a additive group of matrices  |2 eng 
650 4 |a quasigroups  |2 eng 
700 1 |a Čerňanová, Viera  |4 ths  |X 71653  |7 A000071653 
856 4 |u http://is.stuba.sk/zp/portal_zp.pl?podrobnosti=123665 
996 |b 284ER03001  |c E*Bc- 3001  |l EE35  |s P  |a 0  |w stuzp66391_0001